000
00346nam a2200145Ia 4500
008
151213s9999 xx 000 0 und d
100
_a
Luthful Kabir
245
_a
Land Law in East Pakistan , Vol = 1 - 4
_c
Luthful Kabir
260
_a
Dhaka
300
_a
2084 p.
650
_a
Law
650
_a
Law
700
_a
Luthful Kabir
999
_c
1534
_d
1534